مقدمة للمنطق: (Record no. 7432)
[ view plain ]
| 000 -الفاتح | |
|---|---|
| حقل البيانات ثابتة الطول | 00738nac a22001571u 4500 |
| 008 - عناصر البيانات ثابتة الطول - معلومات عامة | |
| حقل البيانات ثابتة الطول | 080828s1970 ua|||||r|||| 001 0dara d |
| 082 ## - رقم تصنيف ديوى العشرى | |
| رقم التصنيف | 162 |
| رقم المادة | ت ا ر |
| 245 ## - بيان العنوان | |
| العنوان | مقدمة للمنطق: |
| بقية العنوان | ولمنهج البحث فى العلوم الاستدلالية / |
| بيان المسئوليه,etc | الفرد تارسكى؛ ترجمة عزمي إسلام ؛ مراجعة فؤاد زكريا |
| 260 ## - PUBLICATION, DISTRIBUTION, ETC. (IMPRINT) | |
| مكان الناشر او الموزع | القاهرة : |
| اسم الناشر او الموزع | الهيئة المصرية العامة للتأليف والنشر، 1970 |
| تاريخ النشر أو التوزيع | 1970. |
| 300 ## - الوصف المادى | |
| التعداد | 335ص؛ |
| أبعاد الوعاء | 24سم |
| 500 ## - تبصرة عامة | |
| تبصرة عامة | يحتوى على كشاف بالمصطلحات |
| 650 ## - المدخل الاضافى بالموضوع-مصطلح موضوعى | |
| مصطلح موضوعي أو اسم جغرافي كعنصر مدخل | المنطق الإستدلالي |
| 9 (RLIN) | 17595 |
| 650 ## - المدخل الاضافى بالموضوع-مصطلح موضوعى | |
| مصطلح موضوعي أو اسم جغرافي كعنصر مدخل | الاستدلال |
| 9 (RLIN) | 16823 |
| 650 ## - المدخل الاضافى بالموضوع-مصطلح موضوعى | |
| مصطلح موضوعي أو اسم جغرافي كعنصر مدخل | المنطق الصوري |
| 9 (RLIN) | 22178 |
| 942 ## - عناصر المدخل الإضافي( كوها) | |
| Koha [default] item type | Book - Borrowing |
| سابقة رقم الطلب | 162ت ا ر |
| مصدر التصنيف او مخطط الترفيف | Dewey Decimal Classification |
| حالة التراجع | حالة الفقد | مصدر التصنيف او خطة الترفيف | حالة تلف | ليس للاعارة | مجموعات كوها | المكان الدائم | المكان الحالي | موقع الترفيف | تاريخ الاكتساب | Source of acquisition | رقم الاستدعاء | الباركود | Date last seen | نوع الوعاء |
|---|---|---|---|---|---|---|---|---|---|---|---|---|---|---|
| Dewey Decimal Classification | Alef-Baa | Central Library | Central Library | Lower Floor | 22/08/2010 | 162ت ا ر | 000008881 | 15/07/2025 | Book - Borrowing |